Васил Евстатиев Априлов (Запис номер 122173)
[ съкратено ]
| 000 -Лидер | |
|---|---|
| Контролно поле с фиксирана дължина | 02201nam a2200457 c 4500 |
| 003 - Код на организацията, давaща контролен номер | |
| Контролно поле | BLK |
| 005 - Дата и час на последна редакция | |
| Контролно поле | 20240319131850.0 |
| 008 - Елементи от данни с фиксирана дължина | |
| fixed length control field | 180409b bul|||||r ||||||| ||bul|| |
| 010 ## - Наследен системен номер | |
| LC control number | KNG00127808000 |
| 040 ## - Източник на каталожния запис | |
| Идентификатор на билиотеката - собственик на записа | BLK |
| 041 ## - Код за език | |
| Код за езика на текст/звукозапис или на отделно заглавие | Български |
| Код за езика КДБФ | Български |
| 072 #7 - Код за тематичната категория | |
| Код организация | bullib |
| Код за тематична категория | Ц |
| Текст | Редки и ценни |
| 080 ## - УДК | |
| Текстов определител УДК | Организация на възпитанието и образованието. Училищно дело. |
| УДК код - определител по УДК | 37.09 |
| УДК определител | (497.2)(091)(092) |
| УДК - код + определител | 37.09(497.2)(091)(092) |
| 080 ## - УДК | |
| Текстов определител УДК | Просветен деец, дарител, писател от времето на Българското Възраждане. |
| УДК код - определител по УДК | 929 Априлов, Васил Евстатиев |
| УДК - код + определител | 929 Априлов, Васил Евстатиев |
| 139 ## - Редно поле | |
| Редна дума | Васил Евстатиев Априлов |
| Авторски знак | Апр - А 79 |
| 245 10 - Сведения за заглавието | |
| Заглавие | Васил Евстатиев Априлов |
| Подзаглавни данни | Описание на тържественото отпразнуване 100 год. от рождението му на 20 юли 1889 г. в Габрово, уредено от Габров. гр. общин. управление |
| 257 ## - Страна на издаване | |
| Страна на създаване/издаване | България |
| 260 ## - Област на издателските данни | |
| Име на издателя, разпространителя и проч. | печ. Дружба |
| Година на издаване | 1889 |
| Място на издаване, разпространение и проч. | Габрово |
| 300 ## - Физическа характеристика | |
| Страници | 21 с. |
| Размери/Мащаб | 18 см |
| 380 ## - Жанр | |
| Жанр | Обществени науки |
| 490 ## - СЕРИИ (Колекции) | |
| 9 (RLIN) | 435080 |
| Име на серия | Колекция Редки и ценни издания |
| 500 ## - Общи забележки | |
| Забележка | Подв. с 6 кн. |
| 600 #0 - Име на лице, използвано като предмет | |
| За него / За нея | Априлов, Васил Евстатиев |
| Свързани дати | 1789 - 1847 |
| Друга информация | Просветен и книжовен деец |
| 9 (RLIN) | 367421 |
| 650 #4 - Допълнително описание по предмет – тема | |
| Основно описание – тема или топоним | Просветно движение - България |
| 9 (RLIN) | 285748 |
| 650 #4 - Допълнително описание по предмет – тема | |
| Основно описание – тема или топоним | Просветители, български |
| 9 (RLIN) | 244645 |
| 650 #4 - Допълнително описание по предмет – тема | |
| Основно описание – тема или топоним | Априлов, Васил Евстатиев |
| 9 (RLIN) | 367421 |
| 650 #4 - Допълнително описание по предмет – тема | |
| Основно описание – тема или топоним | България - образование и просвета |
| 9 (RLIN) | 274208 |
| 651 #4 - Допълнително описание по предмет - топоним | |
| Географско понятие | България |
| 9 (RLIN) | 241624 |
| 653 ## - Ключова дума – ненормативна | |
| Ключова дума | просветители |
| 653 ## - Ключова дума – ненормативна | |
| Ключова дума | Васил Априлов |
| 653 ## - Ключова дума – ненормативна | |
| Ключова дума | юбилеи |
| 659 ## - Тематичен бюлетин | |
| Тематичен бюлетин | Ц |
| 852 ## - Местоположение | |
| Форматна сигнатура | Рб 889 |
| Фондова буква | Редки и ценни |
| 856 4# - Електронен адрес и достъп | |
| Електронен формат | pdf - файл |
| 856 4# - Електронен адрес и достъп | |
| Електронен формат | pdf - файл |
| 999 ## - СИСТЕМНИ КОНТРОЛНИ НОМЕРА | |
| Koha biblionumber | 122173 |
| Koha biblioitemnumber | 122173 |
| 942 ## - АРТИКУЛИ | |
| Вид на библиотечния материал | Книги |
| Скрит в OPAC | Не |
| Периодичен библиозапис | Да |
| 944 ## - СЪЗДАВАНЕ И РЕДАКЦИЯ на ЗАПИСА | |
| Създаване/Редакция | Създаване |
| Дата на регистрацията/редакция | 23.02.2012 |
| Статус, дата на статуса | Моника Янева |
| Служител, извършил регистрацията/редакцията | 30570 |
| 944 ## - СЪЗДАВАНЕ И РЕДАКЦИЯ на ЗАПИСА | |
| Създаване/Редакция | Редакция |
| Дата на регистрацията/редакция | 04.11.2013 |
| Статус, дата на статуса | ф / 23.02.2012 |
| 999 ## - СИСТЕМНИ КОНТРОЛНИ НОМЕРА | |
| Koha biblioitemnumber | 122173 |
| 999 ## - СИСТЕМНИ КОНТРОЛНИ НОМЕРА | |
| Koha biblioitemnumber | 122173 |
| Код за отписване | Код за изгубен артикул | Източник на класификационната схема | Код за повреда | Коз за рестрикции | Код за отдаване | Артикулен № | Име на библиотеката - собственик | Име на библиотеката, в която се намира в момента | Статус (Текущо местоположение) | Дата на вписване в системата | Местоположение - отдел | Цена в лева | Инвентарен номер | Систематично азбучна сигнатура | Баркод | Номер на екземпляра | Цена в евро | Служебна бележка | Служебен тип на артикула |
|---|---|---|---|---|---|---|---|---|---|---|---|---|---|---|---|---|---|---|---|
| Не е изгубен | Universal Decimal Classification | Не е повреден | само за читалня | Специални фондове ( старопечатни, редки и ценни, фонд М. Арнаудов) | 197571 | Регионална библиотека "Любен Каравелов" Русе | Регионална библиотека "Любен Каравелов" Русе | Редки и ценни | 1889-01-01 | Редки и ценни | 1.00 | 8703/57 | Рб 889 | 900000021006 | 1 | 0.51 | N: стар фонд Дата: 01.01.1889 Дата инв: 02.04.2018 Бележки инв: Рц2018 | Книги |